[Event "Bad Zwesten op 17th"]
[Site "Bad Zwesten"]
[Date "2017.01.03"]
[Round "3"]
[White "Schweisgut, Jens"]
[Black "Braun, Ingram H"]
[Result "1/2-1/2"]
[WhiteElo "1752"]
[BlackElo "2024"]
[PlyCount "42"]
[EventDate "2017.01.02"]
[EventType "swiss"]
[EventRounds "7"]
[EventCountry "GER"]
[SourceTitle "CBM 176 Extra"]
[Source "ChessBase"]
[SourceDate "2017.03.02"]
[SourceVersion "1"]
[SourceVersionDate "2017.03.02"]
[SourceQuality "1"]

1. e4 c5 2. Nf3 e6 3. d4 cxd4 4. Nxd4 a6 5. g3 Nf6 6. Bg2 Qc7 7. 0-0 d6 8. Nd2 Bd7 9. c4 Nc6 10. Nc2 Be7 11. b3 0-0 12. Bb2 Rfd8 13. Qe2 Rab8 14. Rac1 b5 15. Ne3 Qb6 16. Rfd1 Be8 17. Ng4 Nxg4 18. Qxg4 e5 19. Qe2 Nd4 20. Bxd4 Qxd4 21. Nf3 Bf8 1/2-1/2

[Event "Goch op 27th"]
[Site "Goch"]
[Date "2016.09.02"]
[Round "3"]
[White "Coenen, Siegfried"]
[Black "Schweisgut, Jens"]
[Result "1-0"]
[WhiteElo "1991"]
[BlackElo "1740"]
[PlyCount "125"]
[EventDate "2016.09.01"]
[EventType "swiss"]
[EventRounds "7"]
[EventCountry "GER"]
[SourceTitle "EXT 2018"]
[Source "ChessBase"]
[SourceDate "2017.10.13"]
[SourceVersion "1"]
[SourceVersionDate "2017.10.13"]
[SourceQuality "1"]

1. e4 c5 2. Nf3 Nc6 3. Nc3 g6 4. Bc4 Bg7 5. h3 d6 6. d3 Nf6 7. 0-0 0-0 8. Re1 e5 9. Bg5 Ne7 10. Qd2 a6 11. a4 Be6 12. a5 Nc6 13. Nd5 Bxd5 14. Bxd5 Qc7 15. Bxc6 bxc6 16. Ra4 Rfb8 17. b3 Rb7 18. Nh2 Ne8 19. Nf1 Rab8 20. Ng3 Rb4 21. Rea1 f6 22. Be3 R8b7 23. R1a3 Qb8 24. Kh2 Nc7 25. Ra1 Rxa4 26. Rxa4 Rb4 27. Ra1 Ne6 28. f3 d5 29. Qf2 d4 30. Bd2 Rb7 31. Kh1 Rf7 32. Ra4 Rb7 33. Nf1 Qf8 34. g3 f5 35. Kg2 fxe4 36. dxe4 Qf7 37. Qe2 Rb5 38. Nh2 h5 39. h4 Kh7 40. Qe1 Bh6 41. Nf1 Bxd2 42. Nxd2 Qc7 43. Nc4 Kg7 44. Qd2 Nf8 45. Ra1 Qe7 46. Rf1 Nd7 47. Kf2 Rb8 48. Ke2 Rf8 49. Qd3 Nb8 50. Qd2 Nd7 51. f4 exf4 52. Rxf4 Rxf4 53. Qxf4 Nf6 54. Kd3 Ng4 55. e5 Qf7 56. Nd6 Qd5 57. Ne8+ Kh8 58. Qf8+ Qg8 59. Qxg8+ Kxg8 60. Nf6+ Nxf6 61. exf6 Kf7 62. Kc4 Kxf6 63. Kxc5 1-0

[Event "Goch op 24th"]
[Site "Goch"]
[Date "2013.09.05"]
[Round "1"]
[White "Schweisgut, Jens"]
[Black "Rosenberger, Frank"]
[Result "0-1"]
[WhiteElo "1768"]
[BlackElo "2109"]
[PlyCount "82"]
[EventDate "2013.09.05"]
[EventType "swiss"]
[EventRounds "7"]
[EventCountry "GER"]
[SourceTitle "EXT 2015"]
[Source "ChessBase"]
[SourceDate "2014.11.20"]
[SourceVersion "1"]
[SourceVersionDate "2014.11.20"]
[SourceQuality "1"]

1. e4 e6 2. Qe2 Nc6 3. Nf3 e5 4. g3 Bc5 5. Bg2 d6 6. c3 Nf6 7. d3 h6 8. Be3 Bxe3 9. Qxe3 0-0 10. 0-0 Re8 11. Na3 a6 12. Rad1 Qe7 13. Nc2 Be6 14. b3 d5 15. c4 d4 16. Qd2 a5 17. a4 Nd7 18. Nfe1 Nc5 19. Rb1 Reb8 20. f4 f6 21. f5 Bf7 22. g4 Nd8 23. Bf3 c6 24. h4 b5 25. axb5 cxb5 26. b4 bxc4 27. dxc4 Bxc4 28. Rf2 Nb3 29. Rxb3 Bxb3 30. Rg2 Nf7 31. bxa5 Qc5 32. Kh2 Qxa5 33. Qf2 Qc3 34. g5 fxg5 35. Bh5 Rb6 36. Bxf7+ Bxf7 37. hxg5 hxg5 38. Rxg5 Rh6+ 39. Kg1 Qh3 40. Qg2 Qxg2+ 41. Rxg2 Rh4 0-1

[Event "Nuremberg LGA Cup 8th"]
[Site "Nuremberg"]
[Date "2011.09.11"]
[Round "6"]
[White "Anicic, Dragan"]
[Black "Schweisgut, Jens"]
[Result "1/2-1/2"]
[WhiteElo "1540"]
[BlackElo "1662"]
[PlyCount "44"]
[EventDate "2011.09.08"]
[EventType "swiss"]
[EventRounds "7"]
[EventCountry "GER"]
[SourceTitle "CBM 144 Extra"]
[Source "ChessBase"]
[SourceDate "2011.10.28"]
[SourceVersion "1"]
[SourceVersionDate "2011.10.28"]
[SourceQuality "1"]

1. d4 Nf6 2. c4 g6 3. Nf3 Bg7 4. g3 0-0 5. Bg2 d5 6. cxd5 Nxd5 7. 0-0 Na6 8. h3 c6 9. e4 Nb6 10. Nc3 Nc7 11. Be3 Nc4 12. Bc1 e5 13. Qe2 exd4 14. Rd1 Ne5 15. Nxd4 Qe7 16. b3 Ne6 17. Nxe6 Bxe6 18. Kh2 Ng4+ 19. hxg4 Bxc3 20. Rb1 Rfd8 21. Be3 Bg7 22. Rxd8+ Qxd8 1/2-1/2

[Event "Nuremberg LGA Cup 7th"]
[Site "Nuremberg"]
[Date "2010.09.04"]
[Round "5"]
[White "Schweisgut, Jens"]
[Black "Adler, Herbert"]
[Result "0-1"]
[WhiteElo "1790"]
[BlackElo "2006"]
[PlyCount "97"]
[EventDate "2010.09.02"]
[EventType "swiss"]
[EventRounds "7"]
[EventCountry "GER"]
[SourceTitle "CBM 138 Extra"]
[Source "ChessBase"]
[SourceDate "2010.10.29"]
[SourceVersion "1"]
[SourceVersionDate "2010.10.29"]
[SourceQuality "1"]

1. e4 e6 2. d4 d5 3. exd5 exd5 4. c4 Nf6 5. Nc3 Be7 6. Bd3 0-0 7. Nge2 Bg4 8. 0-0 Nbd7 9. Be3 dxc4 10. Bxc4 Nb6 11. Bd3 Bh5 12. Qc2 Bg6 13. Bxg6 hxg6 14. Rac1 Nbd5 15. Nxd5 Nxd5 16. Nc3 c6 17. Nxd5 Qxd5 18. Qc4 Rad8 19. b3 Rd7 20. Rfd1 Rfd8 21. Rc3 c5 22. Rcd3 Bf6 23. Qxd5 Rxd5 24. f3 Kf8 25. Kf1 cxd4 26. Bf2 g5 27. h3 Be5 28. Be3 f6 29. Bf2 Kf7 30. g3 f5 31. Kg2 R8d6 32. Be3 Kg6 33. f4 gxf4 34. Bxf4 Bxf4 35. gxf4 Kf7 36. Kf3 Ke7 37. Rg1 g6 38. Rgd1 Rc5 39. Ke2 Rc2+ 40. R1d2 Re6+ 41. Kd1 Rxd2+ 42. Kxd2 Re4 43. Rf3 Kd6 44. Kd3 Kc5 45. a3 a5 46. Kd2 a4 47. Kd1 Re3 48. Rxe3 dxe3 49. Ke2 0-1

[Event "Korbach op-A 2nd"]
[Site "Korbach"]
[Date "2008.10.11"]
[Round "5"]
[White "Schweisgut, Jens"]
[Black "Wagner, Dennis"]
[Result "0-1"]
[WhiteElo "1782"]
[BlackElo "2000"]
[PlyCount "76"]
[EventDate "2008.10.09"]
[EventType "swiss"]
[EventRounds "7"]
[EventCountry "GER"]
[SourceTitle "EXT 2010"]
[Source "ChessBase"]
[SourceDate "2010.11.25"]
[SourceVersion "1"]
[SourceVersionDate "2010.11.25"]
[SourceQuality "1"]

1. Nf3 d5 2. g3 Nf6 3. Bg2 Bf5 4. b3 c6 5. Bb2 Nbd7 6. d3 h6 7. c4 e6 8. 0-0 Be7 9. Nbd2 0-0 10. Re1 Bh7 11. a3 a5 12. cxd5 cxd5 13. Rc1 Qb6 14. Nf1 Ng4 15. e3 Nc5 16. Bd4 Rfc8 17. h3 Nf6 18. Rc3 Qb5 19. a4 Qb4 20. Re2 Nfd7 21. Rec2 Rc6 22. Rc1 Rac8 23. Bxc5 Rxc5 24. Rxc5 Rxc5 25. d4 Rxc1 26. Qxc1 Qxb3 27. Qc7 Qxa4 28. Ne5 Nxe5 29. Qxe7 Qd7 30. Qc5 Nc4 31. Qa7 Bg6 32. g4 Qc6 33. Ng3 a4 34. h4 a3 35. Qb8+ Kh7 36. Qf4 Qd6 37. Qf3 a2 38. Qd1 Qa3 0-1

[Event "Korbach op-A 2nd"]
[Site "Korbach"]
[Date "2008.10.09"]
[Round "1"]
[White "Schweisgut, Jens"]
[Black "Wuestehube, Harry"]
[Result "1/2-1/2"]
[WhiteElo "1782"]
[BlackElo "2011"]
[PlyCount "37"]
[EventDate "2008.10.09"]
[EventType "swiss"]
[EventRounds "7"]
[EventCountry "GER"]
[SourceTitle "EXT 2010"]
[Source "ChessBase"]
[SourceDate "2010.11.25"]
[SourceVersion "1"]
[SourceVersionDate "2010.11.25"]
[SourceQuality "1"]

1. e4 e5 2. Nf3 Nc6 3. d4 exd4 4. c3 dxc3 5. Bc4 d6 6. 0-0 Nf6 7. Qb3 Qd7 8. Nxc3 Na5 9. Qb5 Nxc4 10. Qxc4 Be7 11. Rd1 Qc6 12. Qd3 Be6 13. Nd4 Qc4 14. Ndb5 Qxd3 15. Rxd3 Bd8 16. Bg5 a6 17. Bxf6 gxf6 18. Nd4 Rg8 19. Nd5 1/2-1/2

[Event "Korbach 1st op A 2007"]
[Site "Korbach"]
[Date "2007.10.13"]
[Round "5.22"]
[White "Stuckenschneider, Martin"]
[Black "Schweisgut, Jens"]
[Result "1-0"]
[WhiteElo "2033"]
[BlackElo "1791"]
[PlyCount "81"]
[EventDate "2007.10.11"]
[EventType "swiss"]
[EventRounds "7"]
[EventCountry "GER"]
[SourceTitle "EXT 2009"]
[Source "ChessBase"]
[SourceDate "2008.11.26"]
[SourceVersion "1"]
[SourceVersionDate "2008.11.26"]
[SourceQuality "1"]

1. d4 Nf6 2. c4 g6 3. Nc3 d5 4. Nf3 Bg7 5. cxd5 Nxd5 6. e4 Nxc3 7. bxc3 c5 8. Rb1 0-0 9. Be2 Nc6 10. d5 Bxc3+ 11. Bd2 Bxd2+ 12. Qxd2 Nd4 13. Nxd4 cxd4 14. Qxd4 Qa5+ 15. Qd2 Qxd2+ 16. Kxd2 Rd8 17. Ke3 b6 18. Rhc1 Kf8 19. Rc7 Rd7 20. Rbc1 Rxc7 21. Rxc7 Ke8 22. Bb5+ Kf8 23. Bc6 Rb8 24. Rxa7 b5 25. Ra8 Rxa8 26. Bxa8 e5 27. dxe6 Bxe6 28. a3 Ke7 29. Kd4 Bc4 30. Kc5 f6 31. g3 Bd3 32. f4 g5 33. e5 fxe5 34. fxe5 Ke6 35. Kd4 Be2 36. Bd5+ Ke7 37. Be4 h5 38. Bd3 Bxd3 39. Kxd3 Ke6 40. Kd4 h4 41. g4 1-0

[Event "Bad Zwesten op 10th"]
[Site "Bad Zwesten"]
[Date "2006.01.08"]
[Round "9"]
[White "Schweisgut, Jens"]
[Black "Hoffmann, Peter"]
[Result "1/2-1/2"]
[WhiteElo "1794"]
[BlackElo "2069"]
[PlyCount "47"]
[EventDate "2006.01.02"]
[EventType "swiss"]
[EventRounds "9"]
[EventCountry "GER"]
[SourceTitle "CBM 110 Extra"]
[Source "ChessBase"]
[SourceDate "2006.03.10"]
[SourceVersion "2"]
[SourceVersionDate "2006.03.10"]
[SourceQuality "1"]

1. e4 e6 2. d4 d5 3. Nd2 c5 4. Ngf3 cxd4 5. exd5 Qxd5 6. Bc4 Qd6 7. 0-0 Be7 8. Ne4 Qc7 9. Qxd4 Nf6 10. Bg5 Rg8 11. Rad1 Nc6 12. Bb5 Bd7 13. Qd3 h6 14. Bxf6 gxf6 15. Nd6+ Bxd6 16. Qxd6 Qxd6 17. Rxd6 Ke7 18. Rfd1 Rad8 19. c4 a6 20. Ba4 Nb8 21. Bxd7 Rxd7 22. Rxd7+ Nxd7 23. b4 Rg4 24. Rd4 1/2-1/2

[Event "Bad Zwesten op 9th"]
[Site "Bad Zwesten"]
[Date "2005.01.07"]
[Round "8"]
[White "Schweisgut, Jens"]
[Black "Schneider, Jannes"]
[Result "1-0"]
[WhiteElo "1726"]
[BlackElo "1187"]
[PlyCount "141"]
[EventDate "2005.01.02"]
[EventType "swiss"]
[EventRounds "9"]
[EventCountry "GER"]
[SourceTitle "CBM 104 Extra"]
[Source "ChessBase"]
[SourceDate "2005.03.01"]
[SourceVersion "1"]
[SourceVersionDate "2005.03.01"]
[SourceQuality "1"]

1. e4 b6 2. d4 Bb7 3. Nc3 e6 4. Bd3 Bb4 5. a3 Bxc3+ 6. bxc3 Ne7 7. Ne2 0-0 8. 0-0 f5 9. f3 fxe4 10. fxe4 Nbc6 11. Bg5 Rxf1+ 12. Qxf1 Qf8 13. c4 Ba6 14. d5 exd5 15. exd5 Ne5 16. Qxf8+ Kxf8 17. Rf1+ Ke8 18. Rf4 h6 19. Bxe7 Kxe7 20. Re4 d6 21. Nd4 Kd7 22. Nf5 Rg8 23. Ne3 Rf8 24. Rh4 Nxd3 25. cxd3 b5 26. Re4 Re8 27. Rxe8 Kxe8 28. Kf2 Kf7 29. Kf3 bxc4 30. dxc4 Bc8 31. Ke4 g6 32. Kd4 Ke7 33. c5 a6 34. Nc4 h5 35. a4 h4 36. a5 g5 37. Ne3 g4 38. g3 hxg3 39. hxg3 Kf6 40. cxd6 cxd6 41. Nc4 Ke7 42. Ke4 Bd7 43. Ne3 Kf6 44. Kf4 Kg6 45. Nc4 Kf6 46. Nxd6 Ke7 47. Ne4 Bc8 48. Ke5 Kd7 49. Nf6+ Ke7 50. d6+ Kd8 51. Kf4 Be6 52. Ke5 Bc8 53. Ne4 Bd7 54. Nc5 Bb5 55. Kf6 Bc4 56. Kg5 Be2 57. Kf4 Kc8 58. d7+ Kd8 59. Ke5 Kc7 60. Ke6 Bb5 61. Ke7 Bxd7 62. Nxd7 Kc6 63. Nb8+ Kb7 64. Kf6 Kxb8 65. Kg5 Kc7 66. Kxg4 Kd7 67. Kf5 Ke7 68. Kg6 Kf8 69. g4 Kg8 70. g5 Kh8 71. Kf7 1-0